Joueurs quart de finaliste en GC de tennis dans l'ère Open - Statistiques

Statistiques générales
  • Ce quiz a été pris 43 fois
    9 depuis la dernière actualisation
  • Le résultat moyen est 116 sur 386
Statistiques - réponses
Pays Première lettre Joueur V F 1/2 F 1/4 F % Correct
ESP A ALCARAZ 7 1 2 4
100%
SRB D DJOKOVIC 24 14 16 11
100%
SUI F FEDERER 20 11 15 12
100%
USA F FRITZ 0 1 1 5
100%
ESP N NADAL 22 8 8 9
100%
RUS R RUBLEV 0 0 0 10
100%
ITA S SINNER 4 2 3 5
100%
USA A AGASSI 8 7 11 11
80%
USA A ASHE 3 2 5 5
80%
CAN A AUGER ALIASSIME 0 0 2 2
80%
ESP B BAUTISTA AGUT 0 0 1 1
80%
GER B BECKER 6 4 8 5
80%
ITA B BERRETTINI 0 1 2 3
80%
SWE B BORG 11 5 1 4
80%
ESP B BRUGUERA 2 1 1 0
80%
ESP C CARRENO BUSTA 0 0 2 2
80%
USA C CHANG 1 3 4 5
80%
CRO C CILIC 1 2 3 8
80%
USA C CONNORS 8 7 16 10
80%
ESP C COSTA 1 0 1 3
80%
USA C COURIER 4 3 4 4
80%
AUS D DE MINAUR 0 0 0 7
80%
BUL D DIMITROV 0 0 3 5
80%
GBR D DRAPER 0 0 1 0
80%
SWE E EDBERG 6 5 8 7
80%
ESP F FERRER 0 1 5 11
80%
ESP F FERRERO 1 2 3 3
80%
AUS H HEWITT 2 2 4 7
80%
USA I ISNER 0 0 1 2
80%
RUS K KAFELNIKOV 2 1 3 7
80%
RUS K KHACHANOV 0 0 2 4
80%
NED K KRAJICEK 1 0 3 5
80%
BRA K KUERTEN 3 0 0 5
80%
AUS K KYRGIOS 0 1 0 3
80%
AUS L LAVER 5 1 0 1
80%
CZE/USA L LENDL 8 11 9 6
80%
USA M MCENROE J 7 4 8 7
80%
USA M MCENROE P 0 0 1 1
80%
FRA M MONFILS 0 0 2 8
80%
ESP M MOYA 1 1 1 5
80%
GBR M MURRAY 3 8 10 9
80%
ITA M MUSETTI 0 0 2 2
80%
AUT M MUSTER 1 0 3 5
80%
ROM N NASTASE 2 3 1 6
80%
AUS N NEWCOMBE 5 2 3 8
80%
GBR N NORRIE 0 0 1 1
80%
AUS R RAFTER 2 2 3 0
80%
USA R RODDICK 1 4 5 9
80%
NOR R RUUD 0 3 1 0
80%
BRA S SA 0 0 0 1
80%
RUS S SAFIN 2 2 3 2
80%
USA S SAMPRAS 14 4 5 6
80%
USA S SHELTON 0 0 2 3
80%
AUT T THIEM 1 3 2 2
80%
USA T TIAFOE 0 0 2 3
80%
GRE T TSITSIPAS 0 2 4 2
80%
FRA T TSONGA 0 1 5 9
80%
ARG V VILAS 4 4 4 7
80%
SUI W WAWRINKA 3 1 5 9
80%
SWE W WILANDER 7 4 3 6
80%
RSA A ANDERSON K 0 2 0 1
60%
AUS A ANDERSON M 0 1 0 0
60%
CHY B BAGHDATIS 0 1 1 1
60%
CZE B BERDYCH 0 1 6 10
60%
ARG C CANAS 0 0 0 3
60%
AUS C CASH 1 2 2 4
60%
FRA C CLEMENT 0 1 0 2
60%
ITA C COBOLLI 0 0 0 1
60%
ARG C CORIA 0 1 1 2
60%
ARG D DEL POTRO 1 1 4 7
60%
AUS E EDMONDSON 1 0 2 2
60%
FRA G GASQUET 0 0 3 2
60%
USA G GERULAITIS 1 2 5 3
60%
ECU G GOMEZ 1 0 0 5
60%
FRA G GROSJEAN 0 0 4 5
60%
POL H HURKACZ 0 0 1 1
60%
CRO I IVANISEVIC 1 3 3 7
60%
RUS K KARATSEV 0 0 1 0
60%
CZE K KORDA P 1 1 0 4
60%
USA K KORDA S 0 0 0 1
60%
RSA/USA K KRIEK 2 0 3 6
60%
FRA L LECONTE 0 1 3 5
60%
CZE L LEHECKA 0 0 0 2
60%
SVK M MECIR 0 2 2 3
60%
UKR M MEDVEDEV A 0 1 1 3
60%
RUS M MEDVEDEV D 1 5 3 2
60%
FRA N NOAH 1 0 1 8
60%
ITA P PANATTA 1 0 2 3
60%
USA P PAUL 0 0 1 3
60%
FRA P POUILLE 0 0 1 2
60%
CAN R RAONIC 0 1 2 7
60%
AUS R ROSEWALL 4 4 5 2
60%
SUI R ROSSET 0 0 1 1
60%
DEN R RUNE 0 0 0 3
60%
ARG S SCHWARTZMAN 0 0 1 4
60%
USA S SMITH 2 1 2 5
60%
GER S STICH 1 2 3 4
60%
USA T TEACHER 1 0 0 2
60%
NED V VERKERK 0 1 0 0
60%
GER Z ZVEREV A 0 3 7 6
60%
GER Z ZVEREV M 0 0 0 1
60%
CRO A ANCIC 0 0 1 3
40%
FRA B BENNETEAU 0 0 0 1
40%
SWE B BJORKMAN 0 0 2 5
40%
ZIM B BLACK 0 0 0 2
40%
KAZ B BUBLIK 0 0 0 1
40%
FRA C CHARDY 0 0 0 1
40%
RUS C CHESNOKOV 0 0 1 3
40%
KOR C CHUNG 0 0 1 0
40%
CRO C CORIC 0 0 0 1
40%
ESP C CORRETJA 0 2 1 3
40%
RUS D DAVYDENKO 0 0 4 6
40%
GBR E EDMUND 0 0 1 0
40%
SWE E ENQVIST 0 1 0 2
40%
FRA E ESCUDE 0 0 1 2
40%
ARG E ETCHEVERRY 0 0 0 1
40%
USA E EUBANKS 0 0 0 1
40%
FRA F FORGET 0 0 0 5
40%
CHI G GARIN 0 0 0 1
40%
ARG G GAUDIO 1 0 0 0
40%
ESP G GIMENO 1 1 2 1
40%
BEL G GOFFIN 0 0 0 4
40%
CHI G GONZALEZ 0 1 1 5
40%
LAT G GULBIS 0 0 1 1
40%
SVK H HRBATY 0 0 1 3
40%
POL J JANOWICZ 0 0 1 0
40%
SWE J JOHANSSON J 0 0 1 0
40%
SWE J JOHANSSON T 1 0 1 2
40%
GER K KIEFER 0 0 1 4
40%
CZE K KODES 3 2 1 4
40%
ESP M MANTILLA 0 0 1 1
40%
JPN N NISHIKORI 0 1 2 9
40%
SWE N NORMAN 0 1 1 1
40%
ESP O ORANTES 1 1 2 5
40%
SWE P PERNFORS 0 1 0 1
40%
FRA P PIOLINE 0 2 2 4
40%
ARG P PUERTA 0 1 0 0
40%
USA Q QUERREY 0 0 1 3
40%
CHI R RIOS 0 1 0 5
40%
ESP R ROBREDO 0 0 0 7
40%
AUS R ROCHE 0 3 5 4
40%
RUS S SAFIULLIN 0 0 0 1
40%
FRA S SANTORO 0 0 0 1
40%
GER S SCHUTTLER 0 1 1 0
40%
CAN S SHAPOVALOV 0 0 1 2
40%
FRA S SIMON 0 0 0 2
40%
SWE S SODERLING 0 2 0 4
40%
ITA S SONEGO 0 0 0 1
40%
USA T TANNER 1 1 4 5
40%
USA T TIEN 0 0 0 1
40%
AUS A ALEXANDER 0 0 3 2
20%
ESP A ALMAGRO 0 0 0 4
20%
USA A AMAYA 0 0 1 0
20%
IND A AMRITRAJ 0 0 0 4
20%
USA A ANNACONE 0 0 0 1
20%
USA A ARIAS 0 0 1 1
20%
ITA B BARAZZUTTI 0 0 2 1
20%
ESP B BERASATEGUI 0 1 0 1
20%
USA B BERGER 0 0 0 2
20%
SWE B BERGSTROM 0 0 0 3
20%
USA B BLAKE 0 0 0 3
20%
AUS C CAHILL 0 0 1 0
20%
AUS C CASE 0 0 1 2
20%
ITA C CECCHINATO 0 0 1 0
20%
ARG C CHELA 0 0 0 3
20%
RUS C CHERKASOV 0 0 0 3
20%
ARG C CLERC 0 0 2 0
20%
AUS C CREALY 0 1 1 2
20%
RSA/USA C CURREN 0 2 1 1
20%
AUS D DENT 0 1 1 3
20%
USA D DENTON 0 2 0 0
20%
BEL D DEWULF 0 0 1 1
20%
USA D DIBBS 0 0 2 5
20%
AUS D DIBLEY 0 0 1 3
20%
UKR D DOLGOPOLOV 0 0 0 1
20%
CZE D DOSEDEL 0 0 0 1
20%
AUS E EMERSON 0 0 0 4
20%
RSA F FERREIRA 0 0 2 3
20%
URU F FILIPPINI 0 0 0 1
20%
USA F FISH 0 0 0 3
20%
ITA F FOGNINI 0 0 0 1
20%
YUG F FRANULOVIC 0 1 1 1
20%
AUS F FRAWLEY 0 0 1 1
20%
USA F FROEHLING 0 0 1 1
20%
USA G GAMBILL 0 0 0 1
20%
USA G GILBERT 0 0 0 2
20%
AUS G GILTINAN 0 0 1 1
20%
USA G GINEPRI 0 0 1 0
20%
USA G GONZALES 0 0 1 1
20%
USA G GOTTFRIED 0 1 1 3
20%
FRA G GOVEN 0 0 1 0
20%
USA G GRAEBNER 0 0 2 3
20%
SWE G GUNNARSSON 0 0 1 0
20%
SWE G GUSTAFSSON 0 0 0 1
20%
GER H HAAS 0 0 4 4
20%
GBR H HENMAN 0 0 6 4
20%
ESP H HIGUERAS 0 0 2 2
20%
SUI H HLASEK 0 0 0 1
20%
SWE J JARRYD 0 0 1 4
20%
FRA J JAUFFRET 0 0 1 1
20%
CRO K KARLOVIC 0 0 0 1
20%
USA K KRICKSTEIN 0 0 2 2
20%
SVK K KUCERA 0 0 1 2
20%
ECU L LAPENTTI 0 0 1 1
20%
SWE L LARSSON 0 0 1 3
20%
NZL L LEWIS 0 1 0 0
20%
CRO L LJUBICIC 0 0 1 1
20%
GBR L LLOYD 0 1 0 2
20%
TPE L LU 0 0 0 1
20%
USA L LUTZ 0 0 1 1
20%
BEL M MALISSE 0 0 1 0
20%
AUS M MARKS 0 1 0 0
20%
USA M MARTIN B 0 0 0 1
20%
USA M MARTIN T 0 2 4 4
20%
AUS M MASUR 0 0 2 1
20%
USA M MAYOTTE 0 0 2 7
20%
AUS M MCNAMARA 0 0 1 3
20%
AUS M MCNAMEE 0 0 1 1
20%
GER M MEILER 0 0 1 0
20%
BRA M MELIGENI 0 0 1 0
20%
AUT M MELZER 0 0 1 0
20%
URS M METREVELI 0 1 2 5
20%
BLR M MIRNYI 0 0 0 1
20%
ARG N NALBANDIAN 0 1 4 5
20%
FIN N NIEMINEN 0 0 0 3
20%
CZE N NOVACEK 0 0 1 2
20%
CZE N NOVAK 0 0 1 0
20%
NED O OKKER 0 1 4 6
20%
NZL P PARUN 0 1 0 4
20%
ROM P PAVEL 0 0 0 1
20%
PAR P PECCI 0 1 1 0
20%
USA P PFISTER 0 0 3 0
20%
AUS P PHILIPPOUSSIS 0 2 0 3
20%
YUG P PILIC 0 1 0 1
20%
FRA P PROISY 0 1 1 1
20%
USA R RALSTON 0 0 1 3
20%
MEX R RAMIREZ 0 0 3 6
20%
ESP R RAMOS 0 0 0 1
20%
USA R RICHEY 0 0 3 1
20%
USA R RIESSEN 0 0 0 2
20%
FRA R ROGER VASSELIN 0 0 1 0
20%
USA R ROSTAGNO 0 0 0 1
20%
CAN/GBR R RUSEDSKI 0 1 0 1
20%
USA S SADRI 0 1 0 2
20%
USA S SANDGREN 0 0 0 2
20%
USA S SCANLON 0 0 1 2
20%
NED S SCHALKEN 0 0 1 4
20%
USA S SOLOMON 0 1 3 2
20%
USA S STOCKTON 0 0 2 2
20%
SWE S SVENSSON 0 0 2 1
20%
GBR T TAYLOR 0 0 3 1
20%
USA T TESTERMAN 0 0 1 0
20%
AUS T TOMIC 0 0 0 1
20%
ESP V VERDASCO 0 0 1 3
20%
RUS V VOLKOV 0 0 1 1
20%
BLR V VOLTCHKOV 0 0 1 0
20%
AUS W WARWICK 0 1 0 3
20%
USA W WASHINGTON 0 1 0 1
20%
USA W WHEATON 0 0 1 2
20%
USA W WITSKEN 0 0 0 1
20%
AUS W WOODBRIDGE 0 0 1 0
20%
AUS W WOODFORDE 0 0 1 0
20%
RUS Y YOUZHNY 0 0 2 4
20%
YUG Z ZIVOJINOVIC 0 0 2 1
20%
CHI A ACUNA 0 0 0 1
0%
HAI A AGENOR 0 0 0 1
0%
RUS A ANDREEV 0 0 0 1
0%
USA A ANDREWS 0 0 0 1
0%
MAR A ARAZI 0 0 0 3
0%
ITA B BERTOLUCCI 0 0 0 1
0%
RSA B BERTRAM 0 0 0 1
0%
ESP B BLANCO 0 0 0 1
0%
AUS B BOWREY 0 0 0 1
0%
USA B BUCHHOLZ 0 0 0 3
0%
ITA C CARATTI 0 0 0 1
0%
AUS C CARMICHAEL 0 0 0 2
0%
USA C CHAMBERLIN 0 0 0 1
0%
FRA C CHAMPION 0 0 0 2
0%
AUS C COOPER 0 0 0 2
0%
CHI C CORNEJO 0 0 0 1
0%
GBR C COX 0 0 0 1
0%
ESP D DAVIDOVICH FOKINA 0 0 0 1
0%
ARG D DAVIN 0 0 0 1
0%
USA D DAVIS 0 0 0 1
0%
USA D DICKSON 0 0 0 1
0%
GER D DREEKMANN 0 0 0 1
0%
AUS D DREWETT 0 0 0 1
0%
RSA D DRYSDALE C 0 0 0 3
0%
GBR D DRYSDALE R 0 0 0 1
0%
USA D DUPRE 0 0 1 1
0%
MAR E EL AYNAOUI 0 0 0 4
0%
EGY E EL SHAFEI 0 0 0 1
0%
NED E ELTINGH 0 0 0 2
0%
NZL E EVERNDEN 0 0 0 1
0%
NZL F FAIRLIE 0 0 0 1
0%
GER F FASSBENDER 0 0 0 1
0%
AUT F FEIGL 0 0 0 1
0%
POL F FIBAK 0 0 0 4
0%
CHI F FILLOL 0 0 0 1
0%
USA F FLEMING 0 0 0 1
0%
HUN F FUCSOVICS 0 0 0 1
0%
ITA F FURLAN 0 0 0 1
0%
USA G GIAMMALVA 0 0 0 1
0%
CHI G GILDEMEISTER 0 0 0 3
0%
USA G GITLIN 0 0 0 1
0%
ISR G GLICKSTEIN 0 0 0 1
0%
USA G GOLDIE 0 0 0 1
0%
USA G GORMAN 0 0 3 0
0%
USA G GULLIKSON Ti 0 0 0 1
0%
USA G GULLIKSON To 0 0 0 1
0%
HUN G GULYAS 0 0 0 1
0%
SUI G GUNTHARDT 0 0 0 2
0%
NED H HAARHUIS 0 0 0 1
0%
ROM H HANESCU 0 0 0 1
0%
USA H HARMON 0 0 0 1
0%
RSA H HARRIS 0 0 0 1
0%
ARG J JAITE 0 0 0 1
0%
YUG J JOVANOVIC 0 0 0 1
0%
GER K KARBACHER 0 0 0 2
0%
BRA K KOCH 0 0 0 1
0%
GER K KOHLSCHREIBER 0 0 0 1
0%
AUT K KOUBEK 0 0 0 1
0%
IND K KRISHNAN 0 0 0 3
0%
AUS K KRONK 0 0 0 1
0%
POL K KUBOT 0 0 0 1
0%
GER K KUHNEN 0 0 0 1
0%
SWE K KULTI 0 0 0 1
0%
ESP L LOPEZ 0 0 0 4
0%
ARG M MANCINI 0 0 0 1
0%
ISR M MANSDORF 0 0 0 1
0%
USA M MANSON 0 0 0 1
0%
AUS M MASTERS 0 0 0 1
0%
JPN M MATSUOKA 0 0 0 1
0%
GER M MAYER F 0 0 0 2
0%
USA M MAYER G 0 0 0 4
0%
USA M MAYER S 0 0 1 2
0%
RSA M MCMILLAN 0 0 0 1
0%
AUS M MILLMAN 0 0 0 1
0%
RSA M MOORE 0 0 0 2
0%
LUX M MULLER 0 0 0 2
0%
AUS M MULLIGAN 0 0 0 1
0%
FRA N NGODRELLA 0 0 0 1
0%
SWE N NYSTROM 0 0 0 3
0%
USA P PASARELL 0 0 0 1
0%
ZIM P PATTISON 0 0 0 1
0%
USA P PEARCE 0 0 0 1
0%
ARG P PELLA 0 0 0 1
0%
ARG P PEREZ ROLDAN 0 0 0 1
0%
AUS P PHILLIPS MOORE 0 0 0 1
0%
GER P POHNMANN 0 0 0 1
0%
GER P POPP 0 0 0 2
0%
CAN P POSPISIL 0 0 0 1
0%
CRO P PRPIC 0 0 0 2
0%
USA P PURCELL 0 0 0 1
0%
GER R RADULESCU 0 0 0 1
0%
USA R RENNERT 0 0 0 2
0%
AUS R RUFFELS 0 0 2 2
0%
ESP S SANCHEZ E 0 0 0 2
0%
ESP S SANCHEZ J 0 0 0 2
0%
ITA S SANGUINETTI 0 0 0 1
0%
NED S SCHAPERS 0 0 0 2
0%
NED S SIEMERINK 0 0 0 1
0%
TCH S SMID 0 0 0 2
0%
USA S SPADEA 0 0 0 1
0%
ARG S SQUILLARI 0 0 1 0
0%
TCH S SREJBER 0 0 0 1
0%
CZE S STEPANEK 0 0 0 1
0%
NZL S STEVEN 0 0 0 1
0%
AUS S STOLLE 0 0 0 4
0%
AUS S STOLTENBERG 0 0 1 0
0%
AUS S STONE 0 0 1 0
0%
SWE S SUNDSTROM 0 0 0 1
0%
HUN T TAROCZY 0 0 0 1
0%
USA T TAYGAN 0 0 0 1
0%
USA T TELTSCHER 0 0 0 4
0%
SWE T TILLSTROM 0 0 0 1
0%
SRB T TIPSAREVIC 0 0 0 2
0%
ROM T TIRIAC 0 0 0 1
0%
NED V VAN DE ZANDSCHULP 0 0 0 1
0%
ROM V VOINEA 0 0 0 1
0%
USA W WALTS 0 0 0 1
0%
USA W WILKISON 0 0 0 1
0%
USA W WOODRUFF 0 0 0 1
0%
PER Y YZAGA 0 0 0 2
0%
ARG Z ZABALETA 0 0 0 1
0%
TCH Z ZEDNIK 0 0 0 1
0%
Aucun quiz correspondant
Distribution des résultats
% des personnes avec chaque résultat
Percentile par nombre de réponses
Votre historique - résultats
Vous n’avez pas pris ce quiz depuis la dernière actualisation